|
|
|
|
| LEADER |
00931nam a2200277 a 4500 |
| 001 |
20286 |
| 003 |
BD-DhAAL |
| 008 |
100525r19941928nyu 000 1 eng |
| 999 |
|
|
|c 8729
|d 8729
|
| 010 |
|
|
|a 86008206
|
| 020 |
|
|
|a 0099909308
|
| 020 |
|
|
|a 0020518900 :
|c $4.95
|
| 020 |
|
|
|z 068418026X :
|c $3.95
|
| 040 |
|
|
|a DLC
|c DLC
|d DB-DhAAL
|
| 082 |
0 |
|
|a 813.52
|2 19
|
| 100 |
1 |
|
|a Hemingway, Ernest,
|d 1899-1961.
|9 40214
|
| 245 |
1 |
0 |
|a Men without women /
|c Ernest Hemingway.
|
| 250 |
|
|
|a First published 1928.
|
| 260 |
|
|
|a New York ;
|a London :
|b Arrow Books,
|c 1994
|
| 300 |
|
|
|a 130 pages ;
|c 13 cm.
|
| 490 |
0 |
|
|a An Arrow classic
|
| 541 |
1 |
|
|e 00020286
|
| 650 |
|
0 |
|a Family life
|x Fiction.
|9 40215
|
| 852 |
4 |
|
|a Ayesha Abed Library
|j General Stacks
|
| 942 |
0 |
0 |
|0 1
|2 ddc
|c BK
|
| 952 |
|
|
|0 0
|1 0
|2 ddc
|4 0
|6 813_520000000000000_HEM
|7 0
|9 10540
|a BRACUL
|b BRACUL
|c GEN
|d 2010-05-26
|l 30
|m 114
|o 813.52 HEM
|p 3010020286
|r 2026-04-05
|s 2026-01-31
|t 1
|w 2010-05-26
|y BK
|